000 00382nam a2200169Ia 4500
003 0100
008 130303s9999 xx 000 0 und d
040 _cARRUPELIB
050 _aQ175.P26 1978
100 _aPassmore, John
245 _aScience and Its Critics
260 _aLondon
260 _bGerald Duckworth Company LTD
260 _C1978
300 _a102p
942 0 0 _02
999 _c27719
_d27719